<?xml version="1.0" encoding="utf-8"?>
<?xml-stylesheet type='text/xsl' href='./oai2.xsl'?>
<OAI-PMH xmlns="http://www.openarchives.org/OAI/2.0/" xmlns:xsi="http://www.w3.org/2001/XMLSchema-instance" xsi:schemaLocation="http://www.openarchives.org/OAI/2.0/ http://www.openarchives.org/OAI/2.0/OAI-PMH.xsd">
  <responseDate>2026-04-30T01:25:48Z</responseDate>
  <request verb="GetRecord" metadataPrefix="marcxml" identifier="isil_DE-7_brendel_m1_1">https://kulturerbe.niedersachsen.de/oai</request>
  <GetRecord>
    <record>
      <header>
        <identifier>isil_DE-7_brendel_m1_1</identifier>
        <datestamp>2012-03-02T10:15:52Z</datestamp>
        <setSpec>slg0002</setSpec>
      </header>
      <metadata>
        <marc:record xmlns:marc="http://www.loc.gov/MARC21/slim" xsi:schemaLocation="http://www.loc.gov/MARC21/slim http://www.loc.gov/standards/marcxml/schema/MARC21slim.xsd">
          <marc:leader>12345nkm  22     uu 4500</marc:leader>
          <marc:controlfield tag="001">brendel_m1_1</marc:controlfield>
          <marc:controlfield tag="005">2012-03-02T11:15:52</marc:controlfield>
          <marc:controlfield tag="008">|           ||||||||||||||||||||||</marc:controlfield>
          <marc:datafield tag="245" ind1="1" ind2="0">
            <marc:subfield code="a">[Johann Gottfried Brendel : Portrait]</marc:subfield>
          </marc:datafield>
          <marc:datafield tag="655" ind1=" " ind2="7">
            <marc:subfield code="a">Fotografie</marc:subfield>
          </marc:datafield>
          <marc:datafield tag="655" ind1=" " ind2="7">
            <marc:subfield code="a">Malerei</marc:subfield>
          </marc:datafield>
          <marc:datafield tag="046" ind1=" " ind2=" ">
            <marc:subfield code="k">1900</marc:subfield>
            <marc:subfield code="k">nach 1900</marc:subfield>
          </marc:datafield>
          <marc:datafield tag="260" ind1=" " ind2=" ">
            <marc:subfield code="g">1900</marc:subfield>
            <marc:subfield code="g">nach 1900</marc:subfield>
          </marc:datafield>
          <marc:datafield tag="300" ind1=" " ind2=" ">
            <marc:subfield code="a">150 x 103 mm</marc:subfield>
          </marc:datafield>
          <marc:datafield tag="520" ind1=" " ind2=" ">
            <marc:subfield code="a">Johann Gottfried Brendel war als ordentlicher Professor für Medizin an der  Medizinischen  Fakultät (Universität Göttingen) von 1739 - 1758 tätig. Von 1738 wirkte er dort bereits als außerordentlicher Professor.
(Ebel, Wilhelm: Catalogus Professorum Gottingensium ; 1962; S.74; S.;81)</marc:subfield>
          </marc:datafield>
          <marc:datafield tag="600" ind1="1" ind2=" ">
            <marc:subfield code="a">Brendel</marc:subfield>
            <marc:subfield code="d">08.02.1712 - 17.01.1758</marc:subfield>
          </marc:datafield>
          <marc:datafield tag="773" ind1="0" ind2=" ">
            <marc:subfield code="t">Göttinger Universitätsgeschichte - Portraits</marc:subfield>
          </marc:datafield>
          <marc:datafield tag="852" ind1=" " ind2=" ">
            <marc:subfield code="a">Niedersächsische Staats- und Universitätsbibliothek Göttingen</marc:subfield>
          </marc:datafield>
          <marc:datafield tag="" ind1=" " ind2=" ">
            <marc:subfield code="a">Namensnennung 4.0 International (CC BY 4.0)</marc:subfield>
          </marc:datafield>
          <marc:datafield tag="" ind1=" " ind2=" ">
            <marc:subfield code="a">Dieses Exponat befindet sich nicht im öffentlich zugänglichen Bereich und kann daher nur nach vorheriger Rücksprache zur Verfügung gestellt werden.</marc:subfield>
          </marc:datafield>
        </marc:record>
      </metadata>
    </record>
  </GetRecord>
</OAI-PMH>
